| 000 | 01591nam0a22003371 4500 | ||
|---|---|---|---|
| 001 | rc\3346442 | ||
| 005 | 20260406195342.0 | ||
| 021 |
_aRU _b[71-54174] |
||
| 035 | _a(NLR Aleph) 007519505 | ||
| 090 |
_a7720822 _c7720822 |
||
| 100 | _a20130115d1971 |||y0rusy50 ca | ||
| 101 | 0 |
_arus _atyv |
|
| 102 | _aRU | ||
| 105 | _ay a ||||| | ||
| 200 | 1 |
_aТува - наш край родной _eМетод. и библиогр. материалы _e[Сборник] _fТувин. респ. б-ка им. А.С. Пушкина. Отд. нац. и краевед. литературы. Справ.-библиогр. отд. |
|
| 210 |
_aКызыл _cТувкнигоиздат _d1971 |
||
| 215 |
_a95 с. _d20 |
||
| 300 | _aВ вып. дан. сост.: Соболева Л.М., библиограф, Ондур Д.Д., Шимит С.Ч., библиотекари и др. | ||
| 300 | _aЧасть текста на тувин. яз. | ||
| 606 |
_aБиблиотеки _xРабота с краеведческой литературой _2psbo |
||
| 606 |
_aКраеведение _yТувинская АССР _jМатериалы для библиотек _2psbo |
||
| 702 | 1 |
_aОндур _bД.Д. _4220 |
|
| 702 | 1 |
_aСоболева _bЛ.М. _4220 |
|
| 702 | 1 |
_aШимит _bС.Ч. _4220 |
|
| 712 | 0 | 2 |
_4570 _aТувинская республиканская библиотека им. А. С. Пушкина _cКызыл _3RU\NLR\AUTH\889958697 _9413559 |
| 801 | 0 |
_aRU _bNLR _gpsbo |
|
| 801 | 1 |
_aRU _bELAR _2rusmarc |
|
| 852 |
_aNLR _jБ 8235/Т-813 |
||
| 942 | _cBOOK | ||
| 980 | _aNB | ||